000 00498nam a2200169Ia 4500
008 181130s2018 xx 000 0 und d
100 _aBernstein, Steven
245 _aThe politics of decarbonization and the catalytic impact of subnational climate experiments
260 _c2018
300 _ap.189-211.
504 _dJun
650 _aClimate change - Policy
650 _aDecarbonization
700 _aHoffmann, Matthew
773 _aPolicy Sciences
906 _aClimate change - Policy
999 _c506536
_d506536